| 000 -LEADER |
| fixed length control field |
01535cam a2200349 a 4500 |
| 001 - CONTROL NUMBER |
| control field |
14966373 |
| 005 - DATE AND TIME OF LATEST TRANSACTION |
| control field |
20170117163225.0 |
| 008 - FIXED-LENGTH DATA ELEMENTS--GENERAL INFORMATION |
| fixed length control field |
070814s2008 ncua b 001 0 eng |
| 010 ## - LIBRARY OF CONGRESS CONTROL NUMBER |
| LC control number |
2007033640 |
| 015 ## - NATIONAL BIBLIOGRAPHY NUMBER |
| National bibliography number |
GBA815667 |
| Source |
bnb |
| 016 7# - NATIONAL BIBLIOGRAPHIC AGENCY CONTROL NUMBER |
| Record control number |
014513994 |
| Source |
Uk |
| 020 ## - INTERNATIONAL STANDARD BOOK NUMBER |
| International Standard Book Number |
9780822341383 (cloth : alk. paper) |
| 020 ## - INTERNATIONAL STANDARD BOOK NUMBER |
| International Standard Book Number |
0822341387 (cloth : alk. paper) |
| 020 ## - INTERNATIONAL STANDARD BOOK NUMBER |
| International Standard Book Number |
9780822342922 (pbk. : alk. paper) |
| 020 ## - INTERNATIONAL STANDARD BOOK NUMBER |
| International Standard Book Number |
0822342928 (pbk. : alk. paper) |
| 035 ## - SYSTEM CONTROL NUMBER |
| System control number |
(OCoLC)ocn166255104 |
| 035 ## - SYSTEM CONTROL NUMBER |
| System control number |
(OCoLC)166255104 |
| 050 00 - LIBRARY OF CONGRESS CALL NUMBER |
| Classification number |
N6537 . M654A35 2008 |
| 100 1# - MAIN ENTRY--PERSONAL NAME |
| Personal name |
Morris, Robert, |
| Dates associated with a name |
1931- |
| 245 10 - TITLE STATEMENT |
| Title |
Have I reasons : |
| Remainder of title |
work and writings, 1993-2007 / |
| Statement of responsibility, etc. |
Robert Morris ; edited and with an introduction by Nena Tsouti-Schillinger. |
| 260 ## - PUBLICATION, DISTRIBUTION, ETC. (IMPRINT) |
| Place of publication, distribution, etc. |
Durham : |
| Name of publisher, distributor, etc. |
Duke University Press, |
| Date of publication, distribution, etc. |
2008. |
| 300 ## - PHYSICAL DESCRIPTION |
| Extent |
xiii, 273 p. : |
| Other physical details |
ill. ; |
| Dimensions |
24 cm. |
| 504 ## - BIBLIOGRAPHY, ETC. NOTE |
| Bibliography, etc |
Includes bibliographical references (p. [267]-269) and index. |
| 600 10 - SUBJECT ADDED ENTRY--PERSONAL NAME |
| Personal name |
Morris, Robert, |
| Dates associated with a name |
1931- |
| 700 1# - ADDED ENTRY--PERSONAL NAME |
| Personal name |
Tsouti-Schillinger, Nena. |
| 856 41 - ELECTRONIC LOCATION AND ACCESS |
| Materials specified |
Table of contents only |
| Uniform Resource Identifier |
<a href="http://www.loc.gov/catdir/toc/ecip0725/2007033640.html">http://www.loc.gov/catdir/toc/ecip0725/2007033640.html</a> |
| 942 ## - ADDED ENTRY ELEMENTS (KOHA) |
| Source of classification or shelving scheme |
|
| Koha item type |
Hard Covered Materials |